000 00896nam a22003017a 4500
001 000563
003 DO-SdBPM
005 20250807105425.0
007 ta
008 160316b1994 sp |||| 00| 0 spa d
020 _a8420646385
040 _aDO-SdBPM
_bspa
_cBPMSU
_erda
082 4 _aP863.6
_bE24m 1994
_222
100 1 _aBryce Echenique, Alfredo,
_d1939-.
_eautor
245 1 0 _aMuerte de Sevilla en Madrid /
_cBryce Echenique.
264 _aMadrid :
_bAlianza Editorial,
_c1994.
300 _a62 páginas ;
_c15 cm.
336 _atexto
_btxt
_2rdacontent
337 _asin mediación
_bn
_2rdamedia
338 _avolumen
_bnc
_2rdacarrier
490 0 _aAlianza cien,
_v38
590 _aInventariado, 2025/VM
650 7 _aNovela peruana
_2
650 7 _aNostalgia
_v Novela.
650 7 _aLiteratura peruana
910 _aVMateo V. Control de calidad. BPMSU
942 _2ddc
_cBK
999 _c9271
_d9271